MARC details
| 000 -CABECERA |
| campo de control de longitud fija |
01214nam a2200325 a 4500 |
| 001 - NÚMERO DE CONTROL |
| campo de control |
000037076 |
| 005 - FECHA Y HORA DE LA ÚLTIMA TRANSACCIÓN |
| campo de control |
20260421192941.0 |
| 008 - DATOS DE LONGITUD FIJA--INFORMACIÓN GENERAL |
| campo de control de longitud fija |
120210s2010 dr r 000 0 spa d |
| 020 ## - NÚMERO INTERNACIONAL ESTÁNDAR DEL LIBRO |
| Número Internacional Estándar del Libro |
9789945423174 |
| 040 ## - FUENTE DE LA CATALOGACIÓN |
| Centro catalogador/agencia de origen |
DO-SdBNP |
| Lengua de catalogación |
spa |
| Centro/agencia transcriptor |
BNPHU |
| 082 ## - NÚMERO DE LA CLASIFICACIÓN DECIMAL DEWEY |
| Número de clasificación |
364.168 |
| Número de documento/Ítem |
A912f |
| 245 00 - MENCIÓN DE TÍTULO |
| Título |
Auditoría forense aplicada al lavado de dinero en las instituciones financieras / |
| Mención de responsabilidad, etc. |
Zoila Cáceres ...[et al.] ; presentación de Justo Pedro Castellanos Khouri. |
| 260 ## - PUBLICACIÓN, DISTRIBUCIÓN, ETC. |
| Lugar de publicación, distribución, etc. |
Santo Domingo, : |
| Nombre del editor, distribuidor, etc. |
Universidad APEC, |
| Fecha de publicación, distribución, etc. |
2010. |
| 300 ## - DESCRIPCIÓN FÍSICA |
| Extensión |
105 p. ; |
| Dimensiones |
21 cm. |
| 490 1# - MENCIÓN DE SERIE |
| Mención de serie |
UNAPEC por un mundo mejor |
| 490 1# - MENCIÓN DE SERIE |
| Mención de serie |
Investigación |
| Designación de volumen o secuencia |
4 |
| 590 ## - NOTA LOCAL (RLIN) |
| Nota local |
Inventariado, 2018/BT |
| 650 #0 - PUNTO DE ACCESO ADICIONAL DE MATERIA--TÉRMINO DE MATERIA |
| Término de materia o nombre geográfico como elemento de entrada |
Auditoria administrativa |
| 9 (RLIN) |
21627 |
| 650 #4 - PUNTO DE ACCESO ADICIONAL DE MATERIA--TÉRMINO DE MATERIA |
| Término de materia o nombre geográfico como elemento de entrada |
Auditoría financiera |
| 9 (RLIN) |
33000 |
| 650 #0 - PUNTO DE ACCESO ADICIONAL DE MATERIA--TÉRMINO DE MATERIA |
| Término de materia o nombre geográfico como elemento de entrada |
Lavado de dinero |
| 9 (RLIN) |
63491 |
| 650 #4 - PUNTO DE ACCESO ADICIONAL DE MATERIA--TÉRMINO DE MATERIA |
| Término de materia o nombre geográfico como elemento de entrada |
Compañías |
| Subdivisión general |
Prácticas corruptas |
| 9 (RLIN) |
34705 |
| 650 #4 - PUNTO DE ACCESO ADICIONAL DE MATERIA--TÉRMINO DE MATERIA |
| Término de materia o nombre geográfico como elemento de entrada |
Delitos económicos |
| 9 (RLIN) |
10373 |
| 700 1# - PUNTO DE ACCESO ADICIONAL--NOMBRE DE PERSONA |
| Nombre de persona |
Cáceres, Zoila |
| 9 (RLIN) |
56244 |
| 700 1# - PUNTO DE ACCESO ADICIONAL--NOMBRE DE PERSONA |
| Nombre de persona |
Novo, César |
| 9 (RLIN) |
56245 |
| 700 1# - PUNTO DE ACCESO ADICIONAL--NOMBRE DE PERSONA |
| Nombre de persona |
Martínez, Rafael |
| 9 (RLIN) |
56246 |
| 700 1# - PUNTO DE ACCESO ADICIONAL--NOMBRE DE PERSONA |
| Nombre de persona |
Nova, Rafael |
| 9 (RLIN) |
56247 |
| 700 1# - PUNTO DE ACCESO ADICIONAL--NOMBRE DE PERSONA |
| Nombre de persona |
Castellanos, Justo Pedro, |
| Fechas asociadas al nombre |
1961- |
| Término indicativo de función/relación |
present. |
| 9 (RLIN) |
71189 |
| 830 #0 - PUNTO DE ACCESO ADICIONAL DE SERIE-TÍTULO UNIFORME |
| Título uniforme |
UNAPEC por un mundo mejor ; |
| Nombre de parte o sección de la obra |
Investigación |
| Designación de volumen o secuencia |
4 |
| 9 (RLIN) |
56249 |
| 910 ## - DATOS DE OPCIÓN DEL USUARIO (OCLC) |
| Datos de opción del usuario |
Validado. Control de calidad. EMS |